Código del Trabajo: aprobado por Decreto 1.610, del 26 de diciembre de 1991, del Ministerio de Justicia

Збережено в:
Бібліографічні деталі
Формат: Книга
Мова:Іспанська
Опубліковано: Santiago Jurídica de Chile 1993
Редагування:2a. ed
Предмети:
Теги: Додати тег
Немає тегів, Будьте першим, хто поставить тег для цього запису!

MARC

LEADER 00000nam a2200000 a 4500
001 UCV3553
003 CL-VaPUC
008 930902e19930000CL |||||||||||||||||spa|d
082 0 4 |a 344.8301  |b COD  |2 21 
245 1 0 |a Código del Trabajo: aprobado por Decreto 1.610, del 26 de diciembre de 1991, del Ministerio de Justicia 
250 |a 2a. ed 
300 |a 721 p 
942 |c BK 
945 |d 19930902 00:00:00  |a cmena 
260 |a Santiago  |b Jurídica de Chile  |c 1993 
500 |a Apéndice actualizado a abril de 1993 
650 7 |a DERECHO LABORAL  |2 CL-VaPUC  |9 15 
651 7 |a CHILE  |2 CL-VaPUC  |9 297793 
583 |a last modification  |c 20170711 03:57:39  |k Rodrigo Vera 
999 |c 210717  |d 210715 
952 |0 0  |1 0  |2 ddc  |4 0  |5 1  |6 344_830100000000000_COD_1993  |7 1  |8 C_LRYV  |9 187172  |a FDOBRV  |b BIBDER  |d 2019-11-14  |i 2548690  |o 344.8301 COD 1993  |p 2548690  |r 2023-01-25  |w 2019-11-14  |y BK_X  |k DER